[Event "North American-ch U08"]
[Site "Montreal"]
[Date "2010.08.18"]
[Round "6"]
[White "Ju, Larry"]
[Black "Balakrishnan, Praveen"]
[Result "0-1"]
[WhiteElo "971"]
[BlackElo "1721"]
[PlyCount "26"]
[EventDate "2010.08.16"]
[EventType "swiss"]
[EventRounds "7"]
[EventCountry "CAN"]
[SourceTitle "EXT 2013"]
[Source "ChessBase"]
[SourceDate "2012.11.22"]
[SourceVersion "1"]
[SourceVersionDate "2012.11.22"]
[SourceQuality "1"]

1. e4 e5 2. Bc4 Nf6 3. d3 Bc5 4. Bd2 d6 5. f3 Nh5 6. Nc3 Qh4+ 7. g3 Nxg3 8. Bxf7+ Kxf7 9. d4 Nxh1+ 10. Ke2 Qf2+ 11. Kd3 Qxd4+ 12. Ke2 Qc4+ 13. Ke1 Bf2# 0-1

[Event "North American-ch U08"]
[Site "Montreal"]
[Date "2010.08.17"]
[Round "4"]
[White "Giovannetti, Grant"]
[Black "Ju, Larry"]
[Result "0-1"]
[WhiteElo "1048"]
[BlackElo "971"]
[PlyCount "68"]
[EventDate "2010.08.16"]
[EventType "swiss"]
[EventRounds "7"]
[EventCountry "CAN"]
[SourceTitle "EXT 2013"]
[Source "ChessBase"]
[SourceDate "2012.11.22"]
[SourceVersion "1"]
[SourceVersionDate "2012.11.22"]
[SourceQuality "1"]

1. Nf3 d5 2. d3 Bg4 3. Nbd2 Nc6 4. e4 dxe4 5. dxe4 Bxf3 6. Qxf3 Nd4 7. Qd1 Nf6 8. c3 Nc6 9. Qe2 e5 10. g3 Be7 11. Bg2 0-0 12. 0-0 Qd7 13. Rd1 Rad8 14. b3 Rfe8 15. Bb2 b6 16. Nc4 Qc8 17. Rxd8 Rxd8 18. Rd1 Rxd1+ 19. Qxd1 a5 20. Bf3 h6 21. Kg2 Qd8 22. Qe2 b5 23. Ne3 b4 24. cxb4 axb4 25. Nc4 Bd6 26. Bg4 Nxg4 27. Qxg4 Nd4 28. Qh5 Qe7 29. Nxd6 cxd6 30. Qg4 Qg5 31. Qc8+ Kh7 32. h4 Qh5 33. Kh3 Qf3 34. Qg4 Qh1# 0-1

[Event "North American-ch U08"]
[Site "Montreal"]
[Date "2010.08.17"]
[Round "5"]
[White "Ju, Larry"]
[Black "Su, Michael"]
[Result "1/2-1/2"]
[WhiteElo "971"]
[BlackElo "1230"]
[PlyCount "121"]
[EventDate "2010.08.16"]
[EventType "swiss"]
[EventRounds "7"]
[EventCountry "CAN"]
[SourceTitle "EXT 2013"]
[Source "ChessBase"]
[SourceDate "2012.11.22"]
[SourceVersion "1"]
[SourceVersionDate "2012.11.22"]
[SourceQuality "1"]

1. d4 Nf6 2. Nf3 d5 3. Bg5 Bg4 4. e3 h6 5. Bxf6 gxf6 6. Be2 Nc6 7. Nc3 e6 8. 0-0 Rg8 9. g3 Bh3 10. Re1 f5 11. Bb5 Qd6 12. Bxc6+ Qxc6 13. Ne5 Qb6 14. Qh5 Rg7 15. Qxh3 Qxb2 16. Ne2 Qxc2 17. Qf1 Qe4 18. Nc3 Qc2 19. Qb5+ c6 20. Qxb7 Rd8 21. Qxc6+ Ke7 22. Nxd5+ Rxd5 23. Qxc2 Kf6 24. Nc6 Rd7 25. Qc3 Rc7 26. d5+ Kg5 27. f4+ Kh5 28. dxe6 fxe6 29. e4 a5 30. Qf3+ Kg6 31. exf5+ exf5 32. Re6+ Kh7 33. Nxa5 Bc5+ 34. Kg2 Bd4 35. Qh5 Rc2+ 36. Kh3 Kg8 37. Re8+ Kh7 38. Qxf5+ Rg6 39. Qxc2 Bxa1 40. Re7+ Bg7 41. f5 Rf6 42. Nc6 h5 43. a4 h4 44. gxh4 Rh6 45. f6+ Kg8 46. Rxg7+ Kh8 47. a5 Rxh4+ 48. Kg2 Rg4+ 49. Kf3 Rf4+ 50. Ke3 Re4+ 51. Kd2 Rd4+ 52. Kc1 Rd1+ 53. Kb2 Rb1+ 54. Kc3 Rb3+ 55. Kd4 Rd3+ 56. Ke5 Rd5+ 57. Kf4 Rf5+ 58. Kg4 Rg5+ 59. Kh4 Rh5+ 60. Kg4 Rg5+ 61. Kh3 1/2-1/2